Das Zeitalter des Imperialismus / (Titelsatznr. 36887)
[ MARC ]
| 000 -Satzkennung | |
|---|---|
| Kontrollfeld mit fester Länge | 00758nam a22002651c 4500 |
| 001 - Kontrollnummer | |
| Kontrollfeld | a987674510 |
| 008 - Feld mit fester Länge zur physischen Beschreibung - Allgemeine Angaben | |
| Kontrollfeld mit fester Länge | 150930s1986 gw |||| 000u ger d |
| 020 ## - Internationale Standardbuchnummer | |
| Internationale Standardbuchnummer | 3486497847 |
| Verknüpfung | 3-486-49784-7 |
| 041 ## - Sprachcode | |
| Sprachcode des Textes/der Tonspur oder des separaten Titels | ger |
| 040 ## - Katalogisierungsquelle | |
| Übertragungsstelle | RU-10907106 |
| 003 - Kontrollnummer Identifier | |
| Kontrollfeld | RU-10907106 |
| 100 1# - Haupteintragung - Personenname | |
| Personenname | Schöllgen, Gregor |
| 245 04 - Titel | |
| Titel | Das Zeitalter des Imperialismus / |
| Verfasserangabe etc. | von Gregor Schöllgen |
| 250 ## - Ausgabebezeichnung | |
| Ausgabebezeichnung | 4. Aufl. |
| 264 ## - Produktion, Veröffentlichung, Distribution, Herstellung und Urheberrechtsvermerk | |
| Herstellungs-, Veröffentlichungs- Vertriebs-, Erzeugungsort | München : |
| Produzent, Herausgeber, Distributor, Hersteller | Oldenbourg, |
| Datum der Herstellung, der Veröffentlichung, des Vertriebs oder des Urheberschutzvermerks | 1986 |
| 300 ## - Physische Beschreibung | |
| Umfang | IX, 277 S. |
| 490 #0 - Gesamttitelangabe | |
| Gesamttitelangabe | Oldenbourg-Grundriß der Geschichte |
| Bandnummer/Folgebezeichnung | 15 |
| 530 ## - Fußnote zu anderen erhältlichen Formen | |
| Fußnote zu anderen erhältlichen Formen | Das Buch ist auch als E-Book im DHI-Lesesaal zugänglich |
| 648 #0 - Nebeneintragung unter einem Schlagwort - Zeitschlagwort | |
| Zeitschlagwort | 1881-1918 |
| Koha-Normdatenidentnummer | 14045 |
| 650 #0 - Nebeneintragung unter einem Schlagwort - Sachschlagwort | |
| Sachschlagwort oder geografischer Name als Eintragungselement | Kolonialismus |
| 650 #0 - Nebeneintragung unter einem Schlagwort - Sachschlagwort | |
| Sachschlagwort oder geografischer Name als Eintragungselement | Imperialismus |
| 650 #0 - Nebeneintragung unter einem Schlagwort - Sachschlagwort | |
| Sachschlagwort oder geografischer Name als Eintragungselement | Weltkrieg <1914-1918> |
| Koha-Normdatenidentnummer | 130 |
| 651 #0 - Nebeneintragung unter einem Schlagwort - Geografischer Name | |
| Geografischer Name | Europa |
| 942 ## - Zusätzliche Felder (Koha) | |
| Koha-Medientyp | Monographien |
| Ausgeschieden | Verloren | Klassifikation oder Aufstellungssystematik | Beschädigt | Nicht entleihbar | Heimatbibliothek | Aufenthaltsbibliothek | Aufstellungsort | Erwerbungsdatum | Inventarnummer | Signatur | Barcode | Letzte Aktivität | Preis gültig von | Koha-Medientyp |
|---|---|---|---|---|---|---|---|---|---|---|---|---|---|---|
| Andere/Generische Klassifikation | MWN Osteuropa | MWN Osteuropa | Lesesaal - 1 | 30/09/2015 | 15-01033 Ersatzß | W 54 B s Schöl | E0040150790EFFCB | 23/02/2021 | 22/03/2021 | Monographien |